MARC

LEADER 00000nam0a2200000 4500
001 275120
005 20231101234807.0
020 |a RU  |b 86-4482 
035 |a (RuTPU)RU\TPU\book\298352 
090 |a 275120 
100 |a 20141112d1985 k y0rusy5003 ca 
101 0 |a rus 
102 |a RU 
105 |a a z 001zy 
200 1 |a Прогрессивная технология и новое оборудование в электронике и приборостроении  |f Саратовский политехнический институт (СПИ) 
210 |a Саратов  |c Изд-во СПИ  |d 1985 
215 |a 94 с.  |c ил. 
320 |a Библиография в конце статей 
606 1 |a Электронная промышленность  |2 stltpush  |3 (RuTPU)RU\TPU\subj\20362  |9 45471 
606 1 |a Приборостроение  |x Производство  |2 stltpush  |3 (RuTPU)RU\TPU\subj\51545  |9 70118 
610 1 |a сварка 
610 1 |a электровакуумные материалы 
610 1 |a электронные приборы 
610 1 |a узлы 
610 1 |a откачка 
610 1 |a герметизация 
610 1 |a диффузионная сварка 
610 1 |a плазменная обработка 
610 1 |a напыление 
610 1 |a качество 
610 1 |a улучшение 
675 |a 621.38.002  |z rus  |v 3 
675 |a 681.2.002  |z rus  |v 3 
712 0 2 |a Саратовский политехнический институт (СПИ)  |c (1960-1992)  |2 stltpush  |3 (RuTPU)RU\TPU\col\283 
801 0 |a RU  |b RuMRKP  |c 19950704  |g psbo 
801 1 |a RU  |b 63413507  |c 20141112 
801 2 |a RU  |b 63413507  |c 20170125  |g RCR 
942 |c BK